[Event "Rheinland Pfalz op 6th"]
[Site "Gau Algesheim"]
[Date "2014.06.19"]
[Round "2"]
[White "Klebs, Sebastian"]
[Black "Riedel, Matthias"]
[Result "1-0"]
[WhiteElo "1834"]
[BlackElo "1536"]
[PlyCount "35"]
[EventDate "2014.06.19"]
[EventType "swiss"]
[EventRounds "7"]
[EventCountry "GER"]
[SourceTitle "CBM 161 Extra"]
[Source "ChessBase"]
[SourceDate "2014.08.29"]
[SourceVersion "1"]
[SourceVersionDate "2014.08.29"]
[SourceQuality "1"]

1. e4 e5 2. Nc3 Nc6 3. Bc4 Bc5 4. Qg4 Qf6 5. Nd5 Qxf2+ 6. Kd1 Nf6 7. Qxg7 Nxd5 8. exd5 Bf8 9. Qxh8 Qxg2 10. dxc6 Qxh1 11. Qxe5+ Be7 12. Qg3 Bc5 13. Qg8+ Ke7 14. Qxf7+ Kd8 15. Qf6+ Ke8 16. Bf7+ Kf8 17. Bd5+ Ke8 18. Bxh1 1-0

[Event "GER-ch U10"]
[Site "Oberhof"]
[Date "2010.05.29"]
[Round "11"]
[White "Riedel, Matthias"]
[Black "Maetzkow, Maximilian Paul"]
[Result "1-0"]
[WhiteElo "1366"]
[BlackElo "1470"]
[PlyCount "95"]
[EventDate "2010.05.22"]
[EventType "swiss"]
[EventRounds "11"]
[EventCountry "GER"]
[SourceTitle "CBM 136 Extra"]
[Source "ChessBase"]
[SourceDate "2010.07.02"]
[SourceVersion "2"]
[SourceVersionDate "2010.07.15"]
[SourceQuality "1"]

1. d4 f5 2. Nc3 e6 3. Nf3 Nf6 4. Bg5 Bb4 5. Bxf6 Bxc3+ 6. bxc3 Qxf6 7. e3 0-0 8. Be2 b6 9. 0-0 Bb7 10. c4 d6 11. Rb1 Nd7 12. c3 g5 13. Nd2 g4 14. f3 h5 15. fxg4 Qg5 16. Bf3 Bxf3 17. Qxf3 fxg4 18. Qe2 Rxf1+ 19. Rxf1 Rf8 20. Rxf8+ Nxf8 21. Nf1 e5 22. g3 Ng6 23. Nd2 a5 24. Ne4 Qf5 25. Nf2 e4 26. Qc2 Kf7 27. Qxe4 Qxe4 28. Nxe4 Ke6 29. Kf2 d5 30. cxd5+ Kxd5 31. Nf6+ Kc4 32. Ke2 Kxc3 33. Nd5+ Kb2 34. Nxc7 Kxa2 35. Nd5 a4 36. Nxb6 a3 37. Nc4 Kb3 38. Nxa3 Kxa3 39. Kd3 Kb4 40. Ke4 Ne7 41. Ke5 Kc4 42. Ke6 Nd5 43. e4 Ne3 44. d5 Nf1 45. d6 Nxg3 46. hxg3 h4 47. d7 hxg3 48. d8Q 1-0

[Event "GER-ch U10"]
[Site "Oberhof"]
[Date "2010.05.28"]
[Round "10"]
[White "Baberz, Alexander"]
[Black "Riedel, Matthias"]
[Result "1/2-1/2"]
[WhiteElo "1567"]
[BlackElo "1366"]
[PlyCount "67"]
[EventDate "2010.05.22"]
[EventType "swiss"]
[EventRounds "11"]
[EventCountry "GER"]
[SourceTitle "CBM 136 Extra"]
[Source "ChessBase"]
[SourceDate "2010.07.02"]
[SourceVersion "2"]
[SourceVersionDate "2010.07.15"]
[SourceQuality "1"]

1. d4 Nf6 2. c4 e6 3. Nc3 d5 4. Nf3 c6 5. e3 Nbd7 6. Bd3 dxc4 7. Bxc4 Nb6 8. Bd3 c5 9. dxc5 Bxc5 10. 0-0 0-0 11. Qe2 Bd7 12. Bc2 Qc7 13. e4 e5 14. Bg5 Be7 15. Nd2 h6 16. Bh4 Rfe8 17. Bg3 Bb4 18. Ndb1 Rac8 19. a3 Bc5 20. Nd2 Bd4 21. Qd3 Bxc3 22. bxc3 Qxc3 23. Rfc1 Qxd3 24. Bxd3 Nh5 25. Nc4 Nxg3 26. Nxb6 axb6 27. hxg3 Kf8 28. Rab1 Re6 29. Rxc8+ Bxc8 30. Bb5 Ke7 31. Rc1 Kd8 32. Rd1+ Kc7 33. Rc1+ Kd8 34. Rd1+ 1/2-1/2